Представление документа в формате RUSMARC

ПолеНазваниеЗначение
  Тип записи a
  Библиографический уровень a
001 Контрольный номер RU/CBS_UL/BASE/33f0bb1a13e04c4fa02c622aeec6ed68
005 Дата корректировки 20260320124448.3
100 Данные общей обработки __
a Данные общей обработки 20260320 ||| 0rusy0189 ca
101 Язык документа 0_
a Язык текста rus
102 Страна публикации __
a Страна публикации RU
200 Заглавие и сведения об ответственности 1_
a Заглавие Сухая Россия
e Сведения, относящиеся к заглавию [борьба с пьянством в России]
f Первые сведения об ответственности Г. Минникова
300 Общие примечания __
a Общие примечания 16+
461 Уровень набора _0
1 2000
a Наша история
463 Уровень физической единицы _0
1 2000
a № 2
v С. 40-41 : фото
1 2101
d 2026
1 001RU/CBS_UL/BASE/ba15ee66378341bb891b01ee5ddf3dac
606 Тематические рубрики 0_
a Основная рубрика Борьба с алкоголизмом - Россия
610 Ключевые слова 0_
a Ключевые слова борьба с пьянством
610 Ключевые слова 0_
a Ключевые слова борьба с алкоголизмом
610 Ключевые слова 0_
a Ключевые слова потребление алкоголя на Руси
610 Ключевые слова 0_
a Ключевые слова пьянство на Руси
610 Ключевые слова 0_
a Ключевые слова сухие законы
610 Ключевые слова 0_
a Ключевые слова антиалкогольные кампании
610 Ключевые слова 0_
a Ключевые слова антиалкогольные кампании в СССР
686 Индексы других классификаций __
2 Код системы rubbk
a Классификационный индекс 51.1(2Рос),592
700 Автор _1
a Фамилия Минникова
b Имя (инициалы) Г.
801 Источник записи _0
a Страна RU
b Организация МБУК ЦБС г. Ульяновска
c Дата составления 20260320
g Правила каталогизации RCR
801 Источник записи _1
a Страна RU
b Организация МБУК ЦБС г. Ульяновска
c Дата составления 20260320
g Правила каталогизации RCR
901 Тип документа __
t Тип документа b
w Контрольный № источника RU/CBS_UL/BASE/ba15ee66378341bb891b01ee5ddf3dac
909 Создатель записи __
a Создатель записи lib2